| 000 | 01006cam a22002771i 4500 | ||
|---|---|---|---|
| 003 | SA-RiAUC | ||
| 005 | 20250816142106.0 | ||
| 008 | 250811s2011 su f b 00000 ara c | ||
| 020 | _a9786144160824 | ||
| 040 |
_aSA-JeALM _bara _cSA-RiAUC _erda |
||
| 082 | 0 | 4 | _a251.15 |
| 090 |
_a251.15 _bر ي س |
||
| 100 | 1 |
_aالريسوني، قطب، _d1973- _eمؤلف. |
|
| 245 | 1 | 0 |
_aأبحاث اجتهادية في نوازل عصرية / _cقطب الريسوني. |
| 250 | _aالطبعة الأولى. | ||
| 264 | 1 |
_aبيروت : _bدار ابن حزم، _c2011. |
|
| 300 |
_a348 صفحة ؛ _c24 سم |
||
| 336 |
_aنص _btxt _2rdacontent _3كتاب |
||
| 337 |
_aبدون وسيط _bn _2rdamedia |
||
| 338 |
_aمجلد _bnc _2rdacarrier |
||
| 504 | _aيشتمل على إرجاعات ببليوجرافية. | ||
| 650 | 7 |
_aالنوازل (أصول فقه) _2aucsh |
|
| 650 | 7 |
_aالاجتهاد (أصول فقه) _xبحوث _2aucsh |
|
| 942 |
_2ddc _cBOOK _n0 |
||
| 949 |
_aSA-JeALM _d250811 _uosman123 _n1 |
||
| 999 |
_c10827 _d10827 |
||